Introducción a la literatura infantil

Spremljeno u:
Bibliografski detalji
Glavni autor: López Tamés, Román (autor)
Format: Knjiga
Jezik:španjolski
Izdano: Murcia Universidad de Murcia 1990
Serija:Serie ensayos sobre literatura infantil, 3
Teme:
Oznake: Dodaj oznaku
Bez oznaka, Budi prvi tko označuje ovaj zapis!

MARC

LEADER 00000nam a2200000 a 4500
001 UCX1643
003 CL-VaPUC
008 901008e19900000SP |||||||||||||||||spa|d
082 0 4 |a 808.068  |b LOP  |2 21 
100 |a López Tamés, Román  |e autor  |9 317209 
245 1 0 |a Introducción a la literatura infantil 
300 |a 396 p 
942 |c BK 
945 |d 19901008 00:00:00 
260 |a Murcia  |b Universidad de Murcia  |c 1990 
650 0 |a Literatura infantil   |9 307465 
650 0 |a Historia y crítica   |9 257407 
650 0 |a Cuentos infantiles  |9 308044 
650 0 |a Poesía infantil  |9 307626 
650 7 |a TEATRO ESCOLAR E INFANTIL  |2 CL-VaPUC  |9 317210 
583 |a last modification  |c 19901008 00:00:00  |k Rodrigo Vera 
490 0 |a Serie ensayos sobre literatura infantil, 3 
999 |c 222828  |d 222826 
952 |0 0  |1 0  |4 0  |6 808_068000000000000_LOP_1990  |7 0  |8 A  |9 218073  |a BIBEDU  |b BIBEDU  |d 2019-11-15  |i 286925K  |l 1  |m 3  |o 808.068 LOP 1990  |p 286925K  |r 2022-08-31  |s 2022-08-01  |w 2019-11-15  |y BK  |k LIT